Städte, die mit "Bad" beginnen, A bis Z (2) - Statistiken

Allgemein
  • Dieses Quiz wurde 59 mal gespielt
  • Das Durchschnittsergebnis liegt bei 7 aus 21
Antwortstatistiken
A-Z Wo? Hinweise Antwort % Korrekt
D RP Stadt am Pfälzerwald und an der Deutschen Weinstraße, mit Wurstmarkt und Riesenfass. Dürkheim
73%
B NI Die Stadt an der niederländischen Grenze war jahrhundertelang Mittelpunkt der gleichnamigen Grafschaft. Bentheim
64%
S SH Die Holsteinische Kleinstadt ist für die Karl-May-Spiele bekannt. Segeberg
62%
O SH Kreisstadt des Kreises Stormarn zwischen Hamburg und Lübeck. Oldesloe
60%
N HE Elvis Presley lebte hier 1958-1960. Zuvor kamen u.a. Bismarck, Einstein, Sisi, Franklin Roosevelt und Zar Nikolaus II. zur Kur hierher. Nauheim
56%
A BY Bei Rosenheim liegt Bayerns ältestes Moorheilbad. Aibling
51%
H HE Stadt in Nordosthessen mit Festspielen in der größten romanischen Kirchenruine Europas. Hersfeld
47%
C HE Kurort im Hintertaunus mit Mineralwasser aus Oberselters. Camberg
42%
K RP Die Brückenhäuser auf der Brücke über die Nahe sind das Wahrzeichen der rheinland-pfälzischen Mittelstadt. Kreuznach
42%
F BY Niederbayrischer Kurort am Inn mit mehreren Thermalbädern und Spielkasino. Füssing
33%
M SN Sächsischer Ort an der Grenze zu Polen mit dem UNESCO-Welterbe Fürst-Pückler-Park. Muskau
29%
E SN Der kleine Ort im Vogtland liegt am historischen Dreiländereck Bayern-Böhmen-Sachsen. Elster
24%
R CH In dem Schweizer Ort nahe der liechtensteinischen Grenze schrieb 1880 Johanna Spyri die Geschichten von Heidi. Ragaz
22%
G NI Soleheilbad zwischen Harz und Weserbergland mit Domfestspielen und vielen Fachwerkhäusern. Gandersheim
18%
I NI Kneippkurort und ehemalige Hansestadt im Landkreis Osnabrück. Iburg
18%
L NW Kurort am Rothaargebirge, im Mittelalter Residenz der Grafen von Wittgenstein. Laasphe
18%
W BW Die Innenstadt des südschwäbischen Kurorts liegt zwischen zwei Seen. Waldsee
16%
T BW Luftkurort im Nordschwarzwald, bekannt für Krokusse und Mineralwasser. Teinach-Zavelstein
11%
Z CH Thermalbad im Kanton Aargau mit Wallfahrtskirche Verenamünster. Zurzach
9%
V A Stadt am Rande des Wienerwaldes mit Thermalquellen und Flughafen. Vöslau
7%
P A Kleiner Kurort im niederösterreichischen Weinviertel. Pirawarth
4%
Keine übereinstimmenden Quizze gefunden
Verteilung der Resultate
Anzahl Personen mit jedem Resultat
Perzentil nach korrekt beantworteten Fragen
Ihre Resultats-Entwicklung
Sie haben dieses Quiz noch nicht gespielt